A summer in Alaska (Record no. 5943)

MARC details
000 -CABECERA
campo de control de longitud fija 00603nam a2200217 a 4500
001 - NÚMERO DE CONTROL
campo de control BRCA_6256
005 - FECHA Y HORA DE LA ÚLTIMA TRANSACCIÓN
campo de control 20190320205403.0
008 - DATOS DE LONGITUD FIJA--INFORMACIÓN GENERAL
campo de control de longitud fija 210711s1894----u--a######---#000-0#eng-#
041 ## - CÓDIGO DE LENGUA
Código de lengua del texto/banda sonora o título independiente eng
044 ## - CÓDIGO DEL PAÍS DE LA ENTIDAD EDITORA/PRODUCTORA
Código MARC del país u
050 #4 - SIGNATURA TOPOGRÁFICA DE LA BIBLIOTECA DEL CONGRESO
Número de clasificación F908
Número de documento/Ítem .S39 1894
100 1# - ENTRADA PRINCIPAL--NOMBRE DE PERSONA
Nombre de persona Schwatka, Frederick
9 (RLIN) 15708
245 10 - MENCIÓN DE TÍTULO
Título A summer in Alaska
Mención de responsabilidad, etc. Frederick Schwatka.
260 ## - PUBLICACIÓN, DISTRIBUCIÓN, ETC.
Lugar de publicación, distribución, etc. St. Louis, Misuri
Nombre del editor, distribuidor, etc. J. W. Henry
Fecha de publicación, distribución, etc. 1894
300 ## - DESCRIPCIÓN FÍSICA
Extensión 418 p.
Otras características físicas il.
Dimensiones 23 cm.
500 ## - NOTA GENERAL
Nota general Incluye índice de ilustraciones e índice alfabético
500 ## - NOTA GENERAL
Nota general K119
651 #4 - PUNTO DE ACCESO ADICIONAL DE MATERIA--NOMBRE GEOGRÁFICO
Nombre geográfico Alaska
Subdivisión general Descripción y viajes
9 (RLIN) 15709
902 ## - CATALOGADOR
Iniciales GFM
942 ## - ELEMENTOS DE PUNTO DE ACCESO ADICIONAL (KOHA)
Fuente del sistema de clasificación o colocación Library of Congress Classification
Tipo de ítem Koha Libros
Holdings
Estado de retiro Estado de pérdida Estado dañado No para préstamo Localización permanente Ubicación/localización actual Fecha de adquisición Número de inventario Total de préstamos Signatura topográfica completa Código de barras Fecha visto por última vez Precio válido a partir de Tipo de ítem Koha
El ejemplar forma parte de la colección y puede ser consultado según las políticas vigentes.       Biblioteca del Museo Franz Mayer (Rogerio Casas-Alatriste) Biblioteca del Museo Franz Mayer (Rogerio Casas-Alatriste) 21/07/2011 K119   F908 .S39 1894 (K119) 6695 22/03/2019 22/03/2019 Libros